Counter-Strike - Every NaVi Player in history - Statistics

General Stats
  • This quiz has been taken 10 times
  • The average score is 15 of 21
Answer Stats
joined in Map played Total rating Highest rank Country Player % Correct
2023 Still going 0.94 1 Aleksib
100%
2021 Still going 1.12 1 b1t
100%
2023 Still going 1.10 1 iM
100%
2023 307 1.12 1 jL
100%
2016 1247 1.29 1 s1mple
100%
2023 Still going 1.10 1 w0nderful
100%
2019 523 0.99 1 Boombl4
86%
2017 1009 1.15 1 electroNic
86%
2013 830 1.11 1 GuardiaN
86%
2025 Still going 1.12 3 makazze
86%
2020 602 1.02 1 Perfecto
86%
2012 1217 1.01 1 Zeus
86%
2015 1288 1.06 1 flamie
71%
2012 91 1.06 - markeloff
71%
2012 1270 1.02 1 Edward
57%
2023 63 0.92 1 npl
57%
2022 79 0.97 1 sdy
43%
2013 899 1.00 1 seized
43%
2012 162 0.88 - ceh9
14%
2012 356 0.98 - starix
0%
2013 58 0.97 - tonyblack
0%
No matching quizzes found
Score Distribution
Percent of People with Each Score
Percentile by Number Answered
Your Score History
You have not taken this quiz